Sports Quiz

Random Sports or Basketball Quiz

NBA Coaching Wins Quiz Stats

 Plays Quiz Updated Apr 11, 2019

Score 0/20 Timer 05:00
6 Plays Today
Wins Coach % Correct
1155Phil Jackson
96.6%
1210Pat Riley
72.7%
938Red Auerbach
71.1%
1098Larry Brown
66.8%
1245*Gregg Popovich
58.8%
1221Jerry Sloan
56.1%
1332Lenny Wilkens
53.4%
1335Don Nelson
52.2%
751*Rick Carlisle
44.9%
1175George Karl
42.9%
Wins Coach % Correct
1042Rick Adelman
27.3%
944Bill Fitch
15.3%
894*Doc Rivers
15.2%
696Red Holzman
12.6%
864Jack Ramsay
10.9%
667Mike Fratello
10.9%
935Dick Motta
10.7%
832Cotton Fitzsimmons
9.1%
784Gene Shue
5.5%
707John MacLeod
2.3%

You're not logged in!

Compare scores with friends on all Sporcle quizzes.
OR
Log In

You Might Also Like...

Show Comments

Extras

Top Quizzes Today


Score Distribution

Your Account Isn't Verified!

In order to create a playlist on Sporcle, you need to verify the email address you used during registration. Go to your Sporcle Settings to finish the process.

Report this User

Report this user for behavior that violates our Community Guidelines.

Details: